书目信息 |
| 题名: |
电子商务英语
|
|
| 作者: | 杲昌杰 , 石焱 主编 | |
| 分册: | ||
| 出版信息: | 北京 中国水利水电出版社 2014.08 |
|
| 页数: | 157页 | |
| 开本: | 26cm | |
| 丛书名: | 21世纪高等院校创新精品规划教材 | |
| 单 册: | ||
| 中图分类: | H31 | |
| 科图分类: | ||
| 主题词: | 电子商务--dian zi shang wu--英语--高等学校--教材 , 英语 | |
| 电子资源: | ||
| ISBN: | 978-7-5170-2282-4 | |
| 000 | 01020nam 2200289 450 | |
| 001 | CAL 0120141374526 | |
| 005 | 20150817143605.01 | |
| 010 | @a978-7-5170-2282-4@dCNY22.00 | |
| 100 | @a20140828d2014 em y0chiy50 ea | |
| 101 | 0 | @achi@aeng |
| 102 | @aCN@b110000 | |
| 105 | @aak z 000yy | |
| 106 | @ar | |
| 200 | 1 | @a电子商务英语@Adian zi shang wu ying yu@f主编杲昌杰, 石焱 |
| 210 | @a北京@c中国水利水电出版社@d2014.08 | |
| 215 | @a157页@c图@d26cm | |
| 225 | 2 | @a21世纪高等院校创新精品规划教材@A21 shi ji gao deng yuan xiao chuang xin jing pin gui hua jiao cai |
| 330 | @a本书共8个单元, 内容涉及因特网简介、电子商务简介、电子商务模式、在线销售、网络营销、网络广告、在线支付、物流管理。 | |
| 410 | 0 | @12001 @a21世纪高等院校创新精品规划教材 |
| 586 | @a | |
| 606 | 0 | @a电子商务@Adian zi shang wu@x英语@x高等学校@j教材 |
| 606 | 0 | @a英语 |
| 690 | @aH31@v5 | |
| 701 | 0 | @a杲昌杰@Agao chang jie@4主编 |
| 701 | 0 | @a石焱@Ashi yan@4主编 |
| 801 | 0 | @aCN@c20150820 |
| 905 | @a河南城建学院图书馆@dH31@eG222@f3 | |
| 电子商务英语/主编杲昌杰, 石焱.-北京:中国水利水电出版社,2014.08 |
| 157页:图;26cm.-(21世纪高等院校创新精品规划教材) |
| ISBN 978-7-5170-2282-4:CNY22.00 |
| 本书共8个单元, 内容涉及因特网简介、电子商务简介、电子商务模式、在线销售、网络营销、网络广告、在线支付、物流管理。 |
| ● |
| 相关链接 |
|
|
|
正题名:电子商务英语
索取号:H31/G222
 
预约/预借
| 序号 | 登录号 | 条形码 | 馆藏地/架位号 | 状态 | 备注 |
| 1 | 1165503 | 211655038 | 语言库209/209语言库 81排3列1层/ [索取号:H31/G222] | 在馆 | |
| 2 | 1165504 | 211655047 | 语言库209/209语言库 81排3列1层/ [索取号:H31/G222] | 在馆 | |
| 3 | 1165505 | 211655056 | 语言库209/209语言库 81排3列1层/ [索取号:H31/G222] | 在馆 |